[Event "Sao Paulo Weekly Clube Sao Paulo 1st"]
[Site "Sao Paulo"]
[Date "2016.04.06"]
[Round "2.1"]
[White "Blank Goncalves, Eduardo"]
[Black "Heinrichs, Vivian"]
[Result "1-0"]
[WhiteElo "2147"]
[BlackElo "1971"]
[PlyCount "153"]
[EventDate "2016.03.30"]
[EventType "swiss"]
[EventRounds "5"]
[EventCountry "BRA"]
[SourceTitle "EXT 2022"]
[Source "ChessBase"]
[SourceDate "2021.10.06"]
[SourceVersion "1"]
[SourceVersionDate "2021.10.06"]
[SourceQuality "1"]

1. d4 d5 2. c4 c6 3. Nf3 Nf6 4. Nc3 e6 5. a3 Nbd7 6. e3 a5 7. b3 Bd6 8. Be2 0-0 9. 0-0 e5 10. cxd5 cxd5 11. Bb2 e4 12. Nd2 Re8 13. Re1 Nf8 14. f4 Bd7 15. Kh1 Rc8 16. g4 Bc6 17. Rg1 N6d7 18. Nf1 Ng6 19. Bc1 Qc7 20. Ng3 Nh4 21. Bd2 Qb8 22. Nb5 b6 23. Nxd6 Qxd6 24. b4 Ra8 25. b5 Bb7 26. Qf1 Rac8 27. Bd1 Nf8 28. Nf5 Nxf5 29. gxf5 Qf6 30. Qg2 Kh8 31. Be1 g6 32. Qh3 Nd7 33. Bh4 Qd6 34. fxg6 fxg6 35. Bg4 Nf6 36. Bxc8 Bxc8 37. Qg3 Bf5 38. Rac1 Nh5 39. Qg5 Qxa3 40. Qxh5 Qxc1 41. Bf6+ Kg8 42. Qh6 Qc7 43. Be5 Qd7 44. Rc1 Rxe5 45. fxe5 Qxb5 46. Qg5 Qe2 47. Qd8+ Kg7 48. Rc7+ Kh6 49. Qh4+ Qh5 50. Qxh5+ Kxh5 51. Rb7 Kg4 52. Kg2 h5 53. Rxb6 h4 54. Ra6 a4 55. Rxa4 Be6 56. Ra8 Kg5 57. Rf8 Bg4 58. h3 Bd7 59. Rd8 Be6 60. Kh2 Kf5 61. Rh8 Kg5 62. Rf8 Bd7 63. Rf4 Bf5 64. Rg4+ Bxg4 65. hxg4 Kh6 66. g5+ Kxg5 67. Kh3 Kh6 68. Kxh4 g5+ 69. Kg4 Kg6 70. Kg3 Kg7 71. Kh3 Kh7 72. Kg4 Kg6 73. e6 Kf6 74. e7 Kxe7 75. Kxg5 Kd7 76. Kf6 Kd6 77. Kf5 1-0

[Event "Sao Paulo Hebraica op 17th"]
[Site "Sao Paulo"]
[Date "2014.01.11"]
[Round "4"]
[White "Awoki, Daniel Teidi"]
[Black "Blank Goncalves, Eduardo"]
[Result "1/2-1/2"]
[WhiteElo "1922"]
[BlackElo "2180"]
[PlyCount "106"]
[EventDate "2014.01.09"]
[EventType "swiss"]
[EventRounds "6"]
[EventCountry "BRA"]
[SourceTitle "CBM 158 Extra"]
[Source "ChessBase"]
[SourceDate "2014.02.28"]
[SourceVersion "1"]
[SourceVersionDate "2014.02.28"]
[SourceQuality "1"]

1. e4 e5 2. Nf3 Qe7 3. c3 Nf6 4. d3 g6 5. Be2 d6 6. 0-0 Bg4 7. h3 Bxf3 8. Bxf3 Bg7 9. Be3 0-0 10. Nd2 c5 11. Be2 Nfd7 12. Qb3 Nb6 13. a4 Nc6 14. a5 Nc8 15. f4 Bh6 16. Nc4 Rb8 17. fxe5 Bxe3+ 18. Nxe3 dxe5 19. Nd5 Qd8 20. Bg4 h5 21. Bd7 N8e7 22. Nf6+ Kh8 23. Qd1 Ng8 24. Nxg8 Kxg8 25. Bxc6 bxc6 26. Qe2 Qd6 27. Rf3 Kg7 28. Raf1 c4 29. Qf2 cxd3 30. Qxa7 d2 31. Rxf7+ Rxf7 32. Rxf7+ Kh6 33. Rh7+ Kg5 34. Qe3+ Kf6 35. Qf3+ Kg5 36. h4+ Kxh4 37. Kh2 Kg5 38. Qg3+ Kf6 39. Qh4+ Ke6 40. Qh3+ Kf6 41. Qf3+ Kg5 42. Qg3+ Kf6 43. Qh4+ Ke6 44. Qh3+ Kf6 45. Qf3+ Kg5 46. Qe3+ Kf6 47. Qf2+ Kg5 48. Qe3+ Kf6 49. Qf3+ Kg5 50. Qg3+ Kf6 51. Qf2+ Kg5 52. Qe3+ Kf6 53. Qf3+ Kg5 1/2-1/2

[Event "Sao Paulo Hebraica op 17th"]
[Site "Sao Paulo"]
[Date "2014.01.10"]
[Round "2"]
[White "Ribeiro, Marcos Willian de S"]
[Black "Blank Goncalves, Eduardo"]
[Result "1-0"]
[WhiteElo "1934"]
[BlackElo "2180"]
[PlyCount "69"]
[EventDate "2014.01.09"]
[EventType "swiss"]
[EventRounds "6"]
[EventCountry "BRA"]
[SourceTitle "CBM 158 Extra"]
[Source "ChessBase"]
[SourceDate "2014.02.28"]
[SourceVersion "1"]
[SourceVersionDate "2014.02.28"]
[SourceQuality "1"]

1. e4 c5 2. Nc3 a6 3. f4 Nc6 4. Nf3 e6 5. g3 d5 6. d3 Nf6 7. Qe2 Be7 8. Bg2 0-0 9. 0-0 Qc7 10. h3 Bd7 11. g4 dxe4 12. dxe4 Nd4 13. Qf2 Rac8 14. Be3 Nxf3+ 15. Bxf3 Bc6 16. g5 Nd7 17. h4 b6 18. h5 Rfe8 19. Bg4 Nf8 20. f5 Bd6 21. f6 Be5 22. Rad1 Rcd8 23. Rxd8 Rxd8 24. Be2 Bb7 25. Bd3 Rd7 26. a4 Rd4 27. Ne2 Rxa4 28. b3 Ra2 29. Bf4 g6 30. hxg6 fxg6 31. Qh2 Bxf4 32. Nxf4 b5 33. Qh3 c4 34. f7+ Kh8 35. Nxg6+ 1-0

[Event "Sao Paulo Itau Cup 7th"]
[Site "Sao Paulo"]
[Date "2003.10.01"]
[Round "5"]
[White "Trois, Francisco R Torres"]
[Black "Blank Goncalves, Eduardo"]
[Result "1-0"]
[WhiteElo "2364"]
[BlackElo "2188"]
[PlyCount "58"]
[EventDate "2003.10.??"]
[EventType "swiss"]
[EventRounds "9"]
[EventCountry "BRA"]
[SourceTitle "CBM 096 Extra"]
[Source "ChessBase"]
[SourceDate "2003.10.22"]
[SourceVersion "2"]
[SourceVersionDate "2003.10.20"]
[SourceQuality "1"]

1. c4 g6 2. d4 Bg7 3. Nc3 Nf6 4. Nf3 0-0 5. Bg5 d6 6. e3 Nbd7 7. Be2 c6 8. 0-0 e5 9. Qc2 Qe8 10. Rfd1 Kh8 11. Bh4 Ng8 12. Ne4 d5 13. cxd5 cxd5 14. Nd6 Qe6 15. Qc7 h6 16. dxe5 Nxe5 17. Nd4 Qd7 18. Rac1 Nc6 19. Qxd7 Bxd7 20. Nxb7 Nxd4 21. exd4 Rfe8 22. Ba6 f5 23. Rc7 Bc8 24. Bg3 Re4 25. Be5 Rxe5 26. dxe5 Bxe5 27. Nd6 Bxa6 28. Nf7+ Kg7 29. Nxe5+ Kf6 1-0

[Event "Itau Cup 5th"]
[Site "Sao Paulo"]
[Date "2001.10.20"]
[Round "8"]
[White "Blank Goncalves, Eduardo"]
[Black "Filgueira, Hernan"]
[Result "1-0"]
[WhiteElo "2197"]
[BlackElo "2384"]
[PlyCount "97"]
[EventDate "2001.10.13"]
[EventType "swiss"]
[EventRounds "9"]
[EventCountry "BRA"]
[SourceTitle "CBM 084 Extra"]
[Source "ChessBase"]
[SourceDate "2001.10.26"]
[SourceVersion "1"]
[SourceVersionDate "2001.10.26"]
[SourceQuality "1"]

1. d4 Nf6 2. c4 g6 3. Nc3 Bg7 4. e4 d6 5. Be2 0-0 6. Bg5 Na6 7. Qd2 c6 8. f3 c5 9. d5 Nc7 10. Bh6 e6 11. Bxg7 Kxg7 12. h4 exd5 13. cxd5 Qe7 14. h5 b5 15. hxg6 fxg6 16. Nxb5 Nxb5 17. Bxb5 Rb8 18. Bc4 Rb4 19. Qc3 Kg8 20. 0-0-0 Nd7 21. a3 Rb6 22. Kb1 Ne5 23. Be2 Bd7 24. Rd2 c4 25. Bd1 Rfb8 26. g3 Qe8 27. Ka1 Ba4 28. f4 Nf7 29. Bf3 Rb3 30. Qxc4 Rc8 31. Qf1 Bb5 32. Qe1 Bc4 33. Bd1 Rbb8 34. Nf3 Bb5 35. Bc2 Bd7 36. Nd4 Qd8 37. e5 Qb6 38. Bxg6 hxg6 39. e6 Be8 40. exf7+ Bxf7 41. Ne6 Re8 42. Qe4 Qb7 43. Rdh2 Rxe6 44. Rh8+ Kg7 45. Qd4+ Re5 46. R1h7+ Kf6 47. fxe5+ dxe5 48. Qf2+ Kg5 49. Rxf7 1-0

[Event "Paulista-chT Interclubes 12th"]
[Site "Sao Paulo"]
[Date "2001.03.??"]
[Round "3"]
[White "Blank Goncalves, Eduardo"]
[Black "Schutt, Ricardo de Amorim"]
[Result "1/2-1/2"]
[WhiteElo "2186"]
[BlackElo "2160"]
[PlyCount "96"]
[EventDate "2001.03.10"]
[EventType "team-tourn"]
[EventRounds "7"]
[EventCountry "BRA"]
[SourceTitle "EXT 2022"]
[Source "ChessBase"]
[SourceDate "2021.10.06"]
[SourceVersion "1"]
[SourceVersionDate "2021.10.06"]
[SourceQuality "1"]
[WhiteTeam "Sociedade Hebraica"]
[BlackTeam "Pinheiros EC"]
[WhiteTeamCountry "BRA"]
[BlackTeamCountry "BRA"]

1. d4 e6 2. c4 Nf6 3. Nc3 Bb4 4. e3 b6 5. Nge2 Bb7 6. a3 Be7 7. Nf4 d5 8. cxd5 exd5 9. b4 0-0 10. Bd3 c5 11. bxc5 bxc5 12. dxc5 Bxc5 13. 0-0 Nc6 14. Ncxd5 Ne5 15. Nxf6+ Qxf6 16. Rb1 Nxd3 17. Qxd3 Ba6 18. Qd5 Bxf1 19. Qxc5 Rfc8 20. Qb4 Bc4 21. Bb2 Qf5 22. Rc1 Be6 23. Re1 Qc5 24. Qe4 Bf5 25. Qf3 Rab8 26. Bd4 Qa5 27. Ra1 Qxa3 28. h3 Rc1+ 29. Rxc1 Qxc1+ 30. Kh2 Qc7 31. g3 Bg6 32. h4 Qe7 33. h5 Be4 34. Qg4 f5 35. Qe2 Rc8 36. Qa2+ Qf7 37. Qa5 Rc1 38. g4 Rh1+ 39. Kg3 Rg1+ 40. Kh2 Rxg4 41. Qe5 Rxf4 42. Qb8+ Qf8 43. Qxf4 h6 44. f3 Bb7 45. Kg3 Qf7 46. Bxa7 Bd5 47. Qd4 Qe6 48. Qb6 Kh7 1/2-1/2

[Event "Itau Mercosul Cup 4th"]
[Site "Sao Paulo"]
[Date "2000.10.18"]
[Round "3"]
[White "Braga, Cicero Nogueira"]
[Black "Blank Goncalves, Eduardo"]
[Result "1-0"]
[WhiteElo "2426"]
[BlackElo "2179"]
[PlyCount "61"]
[EventDate "2000.10.??"]
[EventType "swiss"]
[EventRounds "7"]
[EventCountry "BRA"]
[SourceTitle "EXT 2001"]
[Source "ChessBase"]
[SourceDate "2000.11.22"]
[SourceVersion "1"]
[SourceVersionDate "2000.11.22"]
[SourceQuality "1"]

1. e4 d6 2. g3 g6 3. Bg2 Bg7 4. d3 c5 5. f4 Nc6 6. Nf3 e6 7. 0-0 Nge7 8. c3 0-0 9. Be3 Rb8 10. d4 b6 11. Bf2 Ba6 12. Re1 Qc8 13. d5 Nd8 14. dxe6 Qxe6 15. f5 Qf6 16. g4 g5 17. Bg3 Ndc6 18. Qxd6 Qxd6 19. Bxd6 Rbd8 20. e5 f6 21. Na3 Rfe8 22. Rad1 Nc8 23. Nxg5 Nxe5 24. Bd5+ Kh8 25. Bxe5 fxg5 26. f6 Bf8 27. f7+ Rxe5 28. Rxe5 Nd6 29. Rde1 Kg7 30. Rxg5+ Kf6 31. h4 1-0

[Event "Paulisto-ch 5th Etapa"]
[Site "Americana"]
[Date "2000.08.06"]
[Round "6"]
[White "Blank Goncalves, Eduardo"]
[Black "Pelikian, Jefferson"]
[Result "0-1"]
[WhiteElo "2179"]
[BlackElo "2394"]
[PlyCount "48"]
[EventDate "2000.08.04"]
[EventType "swiss"]
[EventRounds "6"]
[EventCountry "BRA"]
[SourceTitle "EXT 2005"]
[Source "ChessBase"]
[SourceDate "2004.11.15"]
[SourceVersion "1"]
[SourceVersionDate "2004.11.15"]
[SourceQuality "1"]

1. d4 Nf6 2. c4 e6 3. Nc3 d5 4. cxd5 Nxd5 5. e4 Nxc3 6. bxc3 c5 7. Nf3 cxd4 8. cxd4 Be7 9. Be2 0-0 10. 0-0 b6 11. Be3 Bb7 12. Qb1 Nc6 13. Rd1 Rc8 14. d5 exd5 15. exd5 Na5 16. Qf5 Nc4 17. Bf4 Nd6 18. Qh3 Rc5 19. Bd3 g6 20. Qh6 Rxd5 21. Be5 Nf5 22. Bxf5 Rxd1+ 23. Ne1 Bf6 24. Bxf6 Rxe1+ 0-1

[Event "Sao Paulo CXSP 98 years op "]
[Site "Sao Paulo"]
[Date "2000.??.??"]
[Round "8"]
[White "Blank Goncalves, Eduardo"]
[Black "Gerbelli Neto, Eduardo"]
[Result "1-0"]
[WhiteElo "2149"]
[BlackElo "2238"]
[PlyCount "97"]
[EventDate "2000.06.09"]
[EventType "swiss"]
[EventRounds "9"]
[EventCountry "BRA"]
[SourceTitle "EXT 2001"]
[Source "ChessBase"]
[SourceDate "2000.11.22"]
[SourceVersion "1"]
[SourceVersionDate "2000.11.22"]
[SourceQuality "1"]

1. d4 d5 2. Nf3 Nf6 3. e3 e6 4. Bd3 c5 5. c3 Nc6 6. Nbd2 Be7 7. 0-0 Qc7 8. dxc5 Bxc5 9. e4 0-0 10. exd5 exd5 11. Nb3 Bd6 12. h3 Re8 13. Be3 a6 14. a4 Ne5 15. Nxe5 Bxe5 16. a5 Bd7 17. Re1 Bc6 18. Bb6 Qd6 19. Nd4 g6 20. b4 Bh2+ 21. Kh1 Rxe1+ 22. Qxe1 Re8 23. Qf1 Bf4 24. Nf3 Ne4 25. Bd4 Qd7 26. Ra2 g5 27. Kg1 g4 28. Nh2 f5 29. hxg4 fxg4 30. g3 Bh6 31. Qd1 Bg7 32. Nxg4 Nxc3 33. Bxc3 Bxc3 34. Re2 Qg7 35. Rxe8+ Bxe8 36. Bf5 Bc6 37. Qc2 h5 38. Ne3 Bxb4 39. Be6+ Kh8 40. Qf5 Bxa5 41. Qxh5+ Qh7 42. Qe5+ Qg7 43. Qb8+ Kh7 44. Bf5+ Kh6 45. Qd6+ Kg5 46. f4+ Kh5 47. Bg4+ Qxg4 48. Nxg4 Kxg4 49. Kh2 1-0

[Event "Paulisto-ch2"]
[Site "Americana"]
[Date "2000.??.??"]
[Round "5"]
[White "Blank Goncalves, Eduardo"]
[Black "Limp, Eduardo Thelio"]
[Result "0-1"]
[WhiteElo "2149"]
[BlackElo "2420"]
[PlyCount "86"]
[EventDate "2000.??.??"]
[EventType "swiss"]
[EventRounds "6"]
[EventCountry "BRA"]
[SourceTitle "EXT 2001"]
[Source "ChessBase"]
[SourceDate "2000.11.22"]
[SourceVersion "1"]
[SourceVersionDate "2000.11.22"]
[SourceQuality "1"]

1. d4 d5 2. c4 c6 3. Nc3 Nf6 4. Nf3 e6 5. cxd5 exd5 6. Bg5 Be7 7. Qc2 Nbd7 8. e3 Nb6 9. h3 Nh5 10. Bxe7 Qxe7 11. Bd3 Nf4 12. Bf1 Ng6 13. Be2 Nh4 14. Nxh4 Qxh4 15. b4 0-0 16. b5 cxb5 17. Nxb5 Qg5 18. Bd3 g6 19. Ke2 Bd7 20. h4 Qg4+ 21. Kf1 Rac8 22. Qe2 Qxe2+ 23. Kxe2 Bxb5 24. Bxb5 Rc2+ 25. Kf3 Rfc8 26. Rhe1 Kg7 27. Re2 a6 28. Rxc2 Rxc2 29. Bd3 Rd2 30. Rb1 Na4 31. Rb3 b5 32. Bb1 f5 33. Rd3 Rxd3 34. Bxd3 Nc3 35. a3 a5 36. h5 a4 37. hxg6 hxg6 38. Bc2 Kf6 39. g4 Kg5 40. gxf5 gxf5 41. Kg3 Ne4+ 42. Kf3 b4 43. axb4 a3 0-1

[Event "Barbera del Valles op"]
[Site "Barbera del Valles"]
[Date "1999.??.??"]
[Round "8"]
[White "Belezky, Alexander"]
[Black "Blank Goncalves, Eduardo"]
[Result "1-0"]
[WhiteElo "2466"]
[BlackElo "2054"]
[PlyCount "71"]
[EventDate "1999.07.??"]
[EventType "swiss"]
[EventRounds "9"]
[EventCountry "ESP"]
[SourceTitle "EXT 2001"]
[Source "ChessBase"]
[SourceDate "2000.11.22"]
[SourceVersion "1"]
[SourceVersionDate "2000.11.22"]
[SourceQuality "1"]

1. Nf3 d5 2. b3 Nf6 3. Bb2 Bf5 4. d3 e6 5. g3 h6 6. Bg2 Nbd7 7. 0-0 Be7 8. Nbd2 0-0 9. Qe1 Bh7 10. e4 Nc5 11. Ne5 c6 12. Qe2 Re8 13. Kh1 a5 14. a4 Bf8 15. f4 Rc8 16. g4 Nfd7 17. Nxd7 Nxd7 18. Qf2 Be7 19. g5 hxg5 20. fxg5 Rf8 21. h4 Qc7 22. Bh3 Bd6 23. h5 Be5 24. d4 Bg3 25. Qg2 Kh8 26. e5 Bxe5 27. g6 Bf4 28. gxh7 f5 29. Rae1 Rf6 30. Nf3 Rh6 31. Nh4 Bg3 32. Ng6+ Kxh7 33. Rxe6 Rxh5 34. Rxf5 Rh6 35. Bc1 Rxg6 36. Rxg6 1-0

[Event "Paulisto-ch2"]
[Site "Sao Paulo"]
[Date "1999.??.??"]
[Round "4"]
[White "Blank Goncalves, Eduardo"]
[Black "Braga, Cicero Nogueira"]
[Result "0-1"]
[WhiteElo "2054"]
[BlackElo "2405"]
[PlyCount "70"]
[EventDate "1999.??.??"]
[EventType "swiss"]
[EventRounds "6"]
[EventCountry "BRA"]
[SourceTitle "EXT 2001"]
[Source "ChessBase"]
[SourceDate "2000.11.22"]
[SourceVersion "1"]
[SourceVersionDate "2000.11.22"]
[SourceQuality "1"]

1. d4 Nf6 2. c4 g6 3. Nc3 Bg7 4. Nf3 0-0 5. Bg5 d6 6. e3 h6 7. Bh4 c5 8. h3 Bf5 9. Be2 Ne4 10. 0-0 Nc6 11. Nxe4 Bxe4 12. Nd2 Bf5 13. d5 Na5 14. e4 Bd7 15. Qc2 Rb8 16. Rae1 b5 17. b3 bxc4 18. Nxc4 Nxc4 19. Bxc4 Bb5 20. f4 Bxc4 21. Qxc4 Rb4 22. Qa6 Qc7 23. Re2 Rfb8 24. e5 dxe5 25. Be1 Rxf4 26. Rxf4 exf4 27. Ba5 Bd4+ 28. Kf1 Qd7 29. Qc6 Qf5 30. Qc7 Rc8 31. Qb7 c4 32. bxc4 f3 33. gxf3 Qxf3+ 34. Ke1 Rxc4 35. Rxe7 Rc1+ 0-1